000 00893nam a2200241 i 4500
001 160797
003 ES-MaACL
005 20250815062646.0
008 010608q19011936sp |||| | spa d
040 _aCCPB | B
_bspa
_cCCPB | B
100 1 _aNovicow, Jacques (
_d1849-1912)
_986078
245 1 0 _aConciencia y voluntad sociales /
_cpor J. Novicow ; traducción por José González Alonso.
260 _aMadrid :
_bLa España Moderna,
_c[s.a.] (
_fimp. de Gabriel L. Horno)
300 _a403 p. ;
_c23 cm.
490 1 _aBiblioteca de Jurisprudencia, Filosofía e Historia
596 _aPosiblemente de la primera mitad del S. XX.
650 7 _aSociología
_2embne
_917195
700 0 _aGonzález Alonso, José.
_958412
830 0 0 _aBiblioteca de jurisprudencia, filosofía e historia
_9180691
852 _aES-MaACL
_jF-14857
_z-- Enc. hol.
999 _c160797
_d160797